Statistiken für Alle Bundesministerien nach Aufgaben

Klicken Sie hier um das Quiz zu spielen!

Allgemein

  • Dieses Quiz wurde 133 mal gespielt
    (132 seit der letzten Aktualisierung)
  • Das Durchschnittsergebnis liegt bei 14 aus 28

Antwortstatistiken

Begriff% Korrekt
Inneres
97%
Auswärtiges
94%
Wirtschaft
83%
Verkehr
80%
Verteidigung
80%
Finanzen
79%
Gesundheit
76%
Umwelt
74%
Familie
72%
Landwirtschaft
70%
Arbeit
65%
Bildung
64%
Justiz
60%
Soziales
60%
Frauen
42%
Bau
39%
(wirtschaftliche) Entwicklung
39%
Heimat
31%
Jugend
28%
Forschung
27%
Verbraucherschutz
25%
Senioren
24%
Ernährung
23%
Energie
19%
wirtschaftliche Zusammenarbeit
17%
digitale Infrastruktur
15%
Naturschutz
15%
nukleare Sicherheit
9%

Verteilung der Resultate

Perzentil nach korrekt beantworteten Fragen

Anzahl Personen mit jedem Resultat

Ihre Resultats-Entwicklung

Sie haben dieses Quiz seit der letzten Aktualisierung nicht gespielt